| 000 | 01574nam a2200469 c 4500 | ||
|---|---|---|---|
| 999 |
_c159441 _d159441 |
||
| 003 | BLK | ||
| 005 | 20250122135507.0 | ||
| 008 | 180410b bul|||||r ||||||| ||bul|| | ||
| 010 | _aKNG00166560000 | ||
| 040 | _aBLK | ||
| 041 |
_aBUL _cBUL |
||
| 072 | 7 |
_2bullib _aК _xКраезнание |
|
| 080 |
_aФинанси. Митническо дело. Банково дело. Пари _b336 _x(497.2) _z336(497.2) |
||
| 100 | 1 |
_aKarabac _eпърви автор _914605 |
|
| 139 |
_aKarabac и др. _bK 21 |
||
| 245 | 1 | 0 |
_aЕдин тип на съвременен български милионер _cKarabac; съавт. M. Milovnik; * М. Миловник; * Карабак. |
| 257 | _aBGR | ||
| 260 |
_c1908 _fРусе : Ст. Ив. Роглев |
||
| 300 |
_a60 с. _c22 см |
||
| 380 | _a3 | ||
| 500 | _aКор. опис. | ||
| 650 | 4 |
_aБанки - България - история _9258998 |
|
| 651 | 4 |
_aБългария _9241624 |
|
| 651 | 4 |
_aРусе _9179462 |
|
| 653 | _aбанки | ||
| 653 | _aРусе | ||
| 659 | _aК | ||
| 700 | 1 |
_aMilovnik, M. _eсъавт. _918756 |
|
| 700 | 1 |
_aМиловник, М. _e* _995878 |
|
| 700 | 1 |
_aКарабак _e* _976260 |
|
| 852 | _aЦб 20741 | ||
| 852 | _aК 336/K 21 | ||
| 852 | _aК 336/K 28 | ||
| 856 | 4 | _qpdf | |
| 856 | 4 | _qpdf | |
| 942 |
_cKNG _n0 _s1 _01 |
||
| 944 |
_aCR _c30.10.2014 _lВаля Йорданова _k30558 |
||
| 944 |
_aED _c03.11.2014 _l30.10.2014 - от С1,Р / 30.10.2014 |
||
| 999 | _d159441 | ||
| 999 | _d159441 | ||
| 999 | _d159441 | ||